Rosa Atalanta 2023-2024 - Statistics

Statistiche generali
  • Questo quiz è stato fatto 22 volte
  • Il punteggio medio è 20 su 25
Statistiche sulle risposte
Ruolo Giocatore % Corretto
A Ademola Lookman
100%
A Gianluca Scamacca
100%
P Juan Musso
100%
P Marco Carnesecchi
100%
C Marten de Roon
100%
A Charles De Ketelaere
95%
C Davide Zappacosta
95%
C José Dos Santos Éderson
95%
D José Luis Palomino
95%
C Mario Pasalic
95%
D Isak Hien
90%
D Rafael Toloi
90%
D Berat Djimsiti
85%
C Matteo Ruggeri
85%
D Sead Kolasinac
85%
C Teun Koopmeiners
85%
D Giorgio Scalvini
80%
P Francesco Rossi
65%
C Hans Hateboer
65%
C Mitchel Bakker
60%
A El Bilal Touré
55%
C Emil Holm
45%
A Aleksey Miranchuk
40%
C Michel Adopo
35%
D Giovanni Bonfanti
30%
Nessun quiz corrispondente trovato
Distribuzione punteggi
Percentuale di utenti per punteggio
Percentile per numero di risposta
I tuoi punteggi nel tempo
Non hai fatto questo quiz